000 00212 a2200109 4500
001 44134
040 _cAnchieta - Aquarius
240 1 0 _aDona Árvore
_l
245 1 0 _aDona Árvore
650 4 _aMúsica
942 _cMU
999 _c44134
_d44134